000 01311nam a2200325Ia 4500
001 ebr10698563
003 CaPaEBR
006 m o u
007 cr cn|||||||||
008 061005s2006 enka sb 010 0 eng d
020 _z1860946593
020 _z9781860946592
020 _z9781860948947
040 _aCaPaEBR
_cCaPaEBR
035 _a(OCoLC)330492419
050 1 4 _aTK5105.5
_b.C5997 2006eb
082 0 4 _a004.6
_223
245 0 0 _aCommunication networks and computer systems
_h[electronic resource] :
_ba tribute to Professor Erol Gelenbe /
_ceditor, Javier A. Barria.
260 _aLondon :
_bImperial College Press ;
_aSingapore ;
_aHackensack, NJ :
_bDistributed by World Scientific,
_cc2006.
300 _axiv, 261 p. :
_bill.
504 _aIncludes bibliographical references.
533 _aElectronic reproduction.
_bPalo Alto, Calif. :
_cebrary,
_d2013.
_nAvailable via World Wide Web.
_nAccess may be limited to ebrary affiliated libraries.
650 0 _aTelecommunication systems.
650 0 _aComputer networks.
655 7 _aElectronic books.
_2local
700 1 _aGelenbe, E.,
_d1945-
700 1 _aBarria, Javier A.
710 2 _aebrary, Inc.
856 4 0 _uhttp://site.ebrary.com/lib/rucke/Doc?id=10698563
_zAn electronic book accessible through the World Wide Web; click to view
999 _c7637
_d7637